000 00388nam a2200157Ia 4500
008 240729s9999 xx 000 0 und d
022 _a2673-7655
245 0 _aCrops
260 _aSwitzerland
260 _bMDPI AG
650 _a Agriculture (General)
650 _aAgriculture
856 _uhttps://doaj.org/toc/203160a4dd094a23b78484f5c8b0ccf1
942 _2ddc
942 _cDOAJEJ
999 _c68344
_d68344
945 _a1
_bMadushi Gamage
_c1
_dMadushi Gamage